[Event "ODJM C 2023"]
[Site "Willingen GER"]
[Date "2023.06.02"]
[Round "8"]
[White "Klockhaus, Daniel"]
[Black "Lang, Samuel"]
[Result "0-1"]
[Termination "normal"]
[Board "19"]
[WhiteElo "1440"]
[BlackElo "1159"]
[WhiteClock "00:05:37"]
[BlackClock "00:48:50"]
[PlyCount "108"]
[WhiteFideId "16299132"]
[BlackFideId "34660526"]
[EventCountry "GER"]
[EventRounds "9"]
[EventType "swiss"]
[EventDate "2023.05.27"]

1. c4 {[%clk 01:30:54]} {[%emt 00:00:05]} c5 {[%clk 01:30:48]} {[%emt
00:00:13]} 2. g3 {[%clk 01:31:16]} {[%emt 00:00:07]} e6 {[%clk 01:31:12]}
{[%emt 00:00:07]} 3. Bg2 {[%clk 01:29:22]} {[%emt 00:02:23]} Nf6 {[%clk
01:31:34]} {[%emt 00:00:08]} 4. e4 {[%clk 01:28:01]} {[%emt 00:01:51]} d5
{[%clk 01:29:56]} {[%emt 00:02:08]} 5. cxd5 {[%clk 01:26:59]} {[%emt 00:01:33]}
exd5 {[%clk 01:30:18]} {[%emt 00:00:08]} 6. exd5 {[%clk 01:26:10]} {[%emt
00:01:18]} Nxd5 {[%clk 01:30:31]} {[%emt 00:00:18]} 7. Nc3 {[%clk 01:25:39]}
{[%emt 00:01:01]} Nxc3 {[%clk 01:30:39]} {[%emt 00:00:22]} 8. bxc3 {[%clk
01:25:52]} {[%emt 00:00:17]} Nc6 {[%clk 01:27:29]} {[%emt 00:03:40]} 9. Qe2+
{[%clk 01:14:56]} {[%emt 00:11:25]} Be7 {[%clk 01:26:56]} {[%emt 00:01:03]} 10.
Nf3 {[%clk 01:13:07]} {[%emt 00:02:18]} Bg4 {[%clk 01:27:12]} {[%emt 00:00:15]}
11. h3 {[%clk 01:08:52]} {[%emt 00:04:44]} Bf5 {[%clk 01:27:29]} {[%emt
00:00:14]} 12. Ne5 {[%clk 01:07:49]} {[%emt 00:01:32]} Nxe5 {[%clk 01:22:01]}
{[%emt 00:05:59]} 13. Qxe5 {[%clk 01:07:59]} {[%emt 00:00:19]} Qd7 {[%clk
01:22:21]} {[%emt 00:00:11]} 14. Qxg7 {[%clk 01:02:06]} {[%emt 00:06:23]} Qe6+
{[%clk 01:21:34]} {[%emt 00:01:17]} 15. Kd1 {[%clk 01:00:56]} {[%emt 00:01:39]}
O-O-O {[%clk 01:18:36]} {[%emt 00:03:28]} 16. Re1 {[%clk 00:57:01]} {[%emt
00:04:25]} Qd6 {[%clk 01:16:47]} {[%emt 00:02:21]} 17. Qxf7 {[%clk 00:51:06]}
{[%emt 00:06:24]} Qd3 {[%clk 01:02:57]} {[%emt 00:14:20]} 18. Rxe7 {[%clk
00:47:09]} {[%emt 00:04:26]} Bd7 {[%clk 01:02:41]} {[%emt 00:00:47]} 19. Re3
{[%clk 00:36:26]} {[%emt 00:11:12]} Qa6 {[%clk 00:59:37]} {[%emt 00:03:34]} 20.
Rb1 {[%clk 00:29:59]} {[%emt 00:06:57]} b6 {[%clk 00:59:27]} {[%emt 00:00:41]}
21. Ke1 {[%clk 00:26:58]} {[%emt 00:03:29]} Rhf8 {[%clk 00:59:46]} {[%emt
00:00:12]} 22. Qh5 {[%clk 00:25:05]} {[%emt 00:02:21]} Qxa2 {[%clk 01:00:07]}
{[%emt 00:00:11]} 23. Qxh7 {[%clk 00:23:02]} {[%emt 00:02:31]} Rf7 {[%clk
00:59:13]} {[%emt 00:01:26]} 24. Qe4 {[%clk 00:22:06]} {[%emt 00:01:25]} Qa6
{[%clk 00:54:54]} {[%emt 00:04:49]} 25. g4 {[%clk 00:18:54]} {[%emt 00:03:42]}
Rdf8 {[%clk 00:50:37]} {[%emt 00:04:47]} 26. Rf3 {[%clk 00:18:14]} {[%emt
00:01:08]} Rxf3 {[%clk 00:50:05]} {[%emt 00:01:03]} 27. c4 {[%clk 00:09:22]}
{[%emt 00:09:22]} Re8 {[%clk 00:46:24]} {[%emt 00:04:10]} 28. Bxf3 {[%clk
00:08:21]} {[%emt 00:01:32]} Rxe4+ {[%clk 00:46:47]} {[%emt 00:00:07]} 29. Bxe4
{[%clk 00:08:43]} {[%emt 00:00:08]} Qxc4 {[%clk 00:47:13]} {[%emt 00:00:04]}
30. d3 {[%clk 00:08:54]} {[%emt 00:00:19]} Qa2 {[%clk 00:47:21]} {[%emt
00:00:23]} 31. Rb2 {[%clk 00:08:55]} {[%emt 00:00:28]} Qa1 {[%clk 00:47:41]}
{[%emt 00:00:11]} 32. Kd1 {[%clk 00:08:45]} {[%emt 00:00:40]} Qa4+ {[%clk
00:46:30]} {[%emt 00:01:40]} 33. Ke1 {[%clk 00:09:00]} {[%emt 00:00:14]} Qa5+
{[%clk 00:46:33]} {[%emt 00:00:28]} 34. Kd1 {[%clk 00:08:44]} {[%emt 00:00:46]}
Ba4+ {[%clk 00:46:48]} {[%emt 00:00:16]} 35. Ke2 {[%clk 00:08:50]} {[%emt
00:00:22]} Qc3 {[%clk 00:47:11]} {[%emt 00:00:09]} 36. Bf5+ {[%clk 00:07:04]}
{[%emt 00:02:16]} Bd7 {[%clk 00:45:52]} {[%emt 00:01:48]} 37. Bxd7+ {[%clk
00:06:51]} {[%emt 00:00:43]} Kxd7 {[%clk 00:46:14]} {[%emt 00:00:08]} 38. Ra2
{[%clk 00:07:11]} {[%emt 00:00:11]} Qxc1 {[%clk 00:46:06]} {[%emt 00:00:38]}
39. Rxa7+ {[%clk 00:07:35]} {[%emt 00:00:05]} Kc6 {[%clk 00:46:30]} {[%emt
00:00:06]} 40. h4 {[%clk 00:07:43]} {[%emt 00:00:22]} Qb2+ {[%clk 00:46:47]}
{[%emt 00:00:14]} 41. Kf3 {[%clk 00:07:26]} {[%emt 00:00:44]} Qf6+ {[%clk
00:46:47]} {[%emt 00:00:33]} 42. Kg3 {[%clk 00:05:27]} {[%emt 00:02:29]} Qd6+
{[%clk 00:47:11]} {[%emt 00:00:07]} 43. Kg2 {[%clk 00:05:27]} {[%emt 00:00:27]}
Qxd3 {[%clk 00:47:36]} {[%emt 00:00:07]} 44. g5 {[%clk 00:05:17]} {[%emt
00:00:40]} Qe4+ {[%clk 00:47:57]} {[%emt 00:00:09]} 45. Kg3 {[%clk 00:05:29]}
{[%emt 00:00:18]} c4 {[%clk 00:48:13]} {[%emt 00:00:15]} 46. h5 {[%clk
00:05:16]} {[%emt 00:00:42]} c3 {[%clk 00:48:27]} {[%emt 00:00:16]} 47. g6
{[%emt 00:02:06]} c2 {[%clk 00:48:35]} 48. Ra8 {[%clk 00:04:17]} {[%emt
00:00:14]} Qe5+ {[%clk 00:47:17]} {[%emt 00:01:48]} 49. Kg4 {[%clk 00:04:27]}
{[%emt 00:00:21]} Kb7 {[%clk 00:47:33]} {[%emt 00:00:14]} 50. Rf8 {[%clk
00:04:26]} {[%emt 00:00:24]} c1=Q {[%clk 00:47:49]} {[%emt 00:00:20]} 51. Rf7+
{[%clk 00:04:41]} {[%emt 00:00:14]} Ka6 {[%clk 00:48:13]} {[%emt 00:00:08]} 52.
g7 {[%clk 00:04:55]} {[%emt 00:00:16]} Qe6+ {[%clk 00:48:30]} {[%emt 00:00:13]}
53. Rf5 {[%clk 00:05:15]} {[%emt 00:00:10]} Qg1+ {[%clk 00:48:50]} {[%emt
00:00:10]} 54. Kf4 {[%clk 00:05:37]} {[%emt 00:00:07]} Qxf2+ {[%emt 00:00:21]}
0-1

[Event "ODJM C 2023"]
[Site "Willingen GER"]
[Date "2023.06.02"]
[Round "8"]
[White "Grunert, Greta"]
[Black "Fize, Aleksandrs"]
[Result "1-0"]
[Termination "normal"]
[Board "20"]
[WhiteElo "1100"]
[BlackElo "1154"]
[WhiteClock "00:49:35"]
[BlackClock "01:15:54"]
[PlyCount "119"]
[WhiteFideId "16258649"]
[BlackFideId "34623779"]
[EventCountry "GER"]
[EventRounds "9"]
[EventType "swiss"]
[EventDate "2023.05.27"]

1. e4 {[%clk 01:30:57]} {[%emt 00:00:02]} c5 {[%clk 01:30:56]} {[%emt
00:00:05]} 2. Nf3 {[%clk 01:31:20]} {[%emt 00:00:07]} e6 {[%clk 01:31:23]}
{[%emt 00:00:04]} 3. d4 {[%clk 01:31:37]} {[%emt 00:00:12]} cxd4 {[%clk
01:31:48]} {[%emt 00:00:05]} 4. Nxd4 {[%clk 01:31:58]} {[%emt 00:00:08]} Nc6
{[%clk 01:32:12]} {[%emt 00:00:07]} 5. Nc3 {[%clk 01:32:16]} {[%emt 00:00:11]}
Qc7 {[%clk 01:32:33]} {[%emt 00:00:09]} 6. Ndb5 {[%clk 01:31:52]} {[%emt
00:00:54]} Qb8 {[%clk 01:32:59]} {[%emt 00:00:05]} 7. Be3 {[%clk 01:31:54]}
{[%emt 00:00:27]} a6 {[%clk 01:32:57]} {[%emt 00:00:33]} 8. Bb6 {[%clk
01:31:23]} {[%emt 00:01:01]} axb5 {[%clk 01:32:28]} {[%emt 00:01:00]} 9. Nxb5
{[%clk 01:31:33]} {[%emt 00:00:18]} Bb4+ {[%clk 01:23:53]} {[%emt 00:09:05]}
10. c3 {[%clk 01:31:48]} {[%emt 00:00:15]} Ba5 {[%clk 01:24:01]} {[%emt
00:00:23]} 11. Nc7+ {[%clk 01:31:00]} {[%emt 00:01:17]} Qxc7 {[%clk 01:23:51]}
{[%emt 00:00:40]} 12. Bxc7 {[%clk 01:31:21]} {[%emt 00:00:09]} Bxc7 {[%clk
01:24:16]} {[%emt 00:00:06]} 13. Bc4 {[%clk 01:30:58]} {[%emt 00:00:48]} Nf6
{[%clk 01:24:28]} {[%emt 00:00:23]} 14. Qe2 {[%clk 01:29:47]} {[%emt 00:01:36]}
O-O {[%clk 01:24:33]} {[%emt 00:00:29]} 15. O-O {[%clk 01:30:02]} {[%emt
00:00:15]} d5 {[%clk 01:24:25]} {[%emt 00:00:38]} 16. exd5 {[%clk 01:29:52]}
{[%emt 00:00:41]} exd5 {[%clk 01:24:36]} {[%emt 00:00:19]} 17. Bb3 {[%clk
01:29:40]} {[%emt 00:00:41]} b6 {[%clk 01:23:12]} {[%emt 00:01:55]} 18. Qd2
{[%clk 01:22:03]} {[%emt 00:07:58]} Be6 {[%clk 01:23:13]} {[%emt 00:00:38]} 19.
Rfe1 {[%clk 01:20:56]} {[%emt 00:01:37]} Rad8 {[%clk 01:23:00]} {[%emt
00:00:44]} 20. Bc2 {[%clk 01:18:01]} {[%emt 00:03:24]} d4 {[%clk 01:22:37]}
{[%emt 00:00:53]} 21. a3 {[%clk 01:06:58]} {[%emt 00:11:33]} dxc3 {[%clk
01:20:45]} {[%emt 00:02:22]} 22. Qxc3 {[%clk 01:06:59]} {[%emt 00:00:29]} Rc8
{[%clk 01:21:03]} {[%emt 00:00:12]} 23. Kh1 {[%clk 01:06:10]} {[%emt 00:01:17]}
Na5 {[%clk 01:20:26]} {[%emt 00:01:09]} 24. Qd3 {[%clk 01:05:10]} {[%emt
00:01:15]} Rfd8 {[%clk 01:20:31]} {[%emt 00:00:39]} 25. Qe2 {[%clk 01:03:52]}
{[%emt 00:01:37]} Bc4 {[%clk 01:18:35]} {[%emt 00:02:36]} 26. Qf3 {[%clk
01:01:43]} {[%emt 00:02:22]} Bd5 {[%clk 01:18:22]} {[%emt 00:01:00]} 27. Qh3
{[%clk 01:01:05]} {[%emt 00:00:48]} Bd6 {[%clk 01:16:59]} {[%emt 00:02:15]} 28.
Rac1 {[%clk 00:59:47]} {[%emt 00:01:37]} Re8 {[%clk 01:16:25]} {[%emt
00:01:14]} 29. Bxh7+ {[%clk 00:55:54]} {[%emt 00:04:23]} Nxh7 {[%clk 01:09:29]}
{[%emt 00:07:25]} 30. Rxc8 {[%clk 00:56:01]} {[%emt 00:00:23]} Rxc8 {[%clk
01:09:50]} {[%emt 00:00:10]} 31. Qxc8+ {[%clk 00:56:26]} {[%emt 00:00:05]} Bf8
{[%clk 01:10:12]} {[%emt 00:00:08]} 32. Qb8 {[%clk 00:53:13]} {[%emt 00:03:40]}
Nc4 {[%clk 01:09:50]} {[%emt 00:00:55]} 33. b3 {[%clk 00:52:09]} {[%emt
00:01:34]} Nxa3 {[%clk 01:09:53]} {[%emt 00:00:27]} 34. Qxb6 {[%clk 00:52:23]}
{[%emt 00:00:15]} g6 {[%clk 01:10:11]} {[%emt 00:00:13]} 35. Re8 {[%clk
00:50:45]} {[%emt 00:02:05]} Nc2 {[%clk 01:09:57]} {[%emt 00:00:47]} 36. h4
{[%clk 00:44:47]} {[%emt 00:06:28]} Kg7 {[%clk 01:08:50]} {[%emt 00:01:37]} 37.
Qa5 {[%clk 00:43:52]} {[%emt 00:01:21]} Nf6 {[%clk 01:08:55]} {[%emt 00:00:30]}
38. Rxf8 {[%clk 00:42:47]} {[%emt 00:01:34]} Kxf8 {[%clk 01:09:00]} {[%emt
00:00:24]} 39. Qc5+ {[%clk 00:43:01]} {[%emt 00:00:08]} Kg7 {[%clk 01:09:14]}
{[%emt 00:00:24]} 40. Qxc2 {[%clk 00:43:25]} {[%emt 00:00:06]} Be4 {[%clk
01:09:30]} {[%emt 00:00:13]} 41. Qc3 {[%clk 00:43:15]} {[%emt 00:00:27]} Bd5
{[%clk 01:09:51]} {[%emt 00:00:22]} 42. Kh2 {[%clk 00:43:30]} {[%emt 00:00:15]}
Bb7 {[%clk 01:09:53]} {[%emt 00:00:28]} 43. g4 {[%clk 00:43:39]} {[%emt
00:00:20]} Bd5 {[%clk 01:09:50]} {[%emt 00:00:35]} 44. g5 {[%clk 00:43:53]}
{[%emt 00:00:17]} Bxb3 {[%clk 01:10:18]} {[%emt 00:00:02]} 45. gxf6+ {[%clk
00:44:12]} {[%emt 00:00:10]} Kh7 {[%clk 01:10:37]} {[%emt 00:00:11]} 46. Qxb3
{[%clk 00:44:35]} {[%emt 00:00:07]} Kh6 {[%clk 01:10:46]} {[%emt 00:00:20]} 47.
Qxf7 {[%clk 00:44:48]} {[%emt 00:00:18]} Kh5 {[%clk 01:11:09]} {[%emt
00:00:07]} 48. Qh7+ {[%clk 00:45:08]} {[%emt 00:00:08]} Kg4 {[%clk 01:11:33]}
{[%emt 00:00:07]} 49. Qxg6+ {[%clk 00:45:30]} {[%emt 00:00:08]} Kf4 {[%clk
01:11:55]} {[%emt 00:00:07]} 50. f3 {[%clk 00:45:46]} {[%emt 00:00:14]} Ke5
{[%clk 01:12:16]} {[%emt 00:00:09]} 51. Qe4+ {[%clk 00:46:05]} {[%emt
00:00:08]} Kxf6 {[%clk 01:12:42]} {[%emt 00:00:06]} 52. Kg3 {[%clk 00:46:25]}
{[%emt 00:00:10]} Kf7 {[%clk 01:13:05]} {[%emt 00:00:07]} 53. Qe5 {[%clk
00:46:51]} {[%emt 00:00:05]} Kg6 {[%clk 01:13:30]} {[%emt 00:00:04]} 54. Qf4
{[%clk 00:47:14]} {[%emt 00:00:07]} Kg7 {[%clk 01:13:56]} {[%emt 00:00:03]} 55.
Qf5 {[%clk 00:47:35]} {[%emt 00:00:09]} Kh8 {[%clk 01:14:20]} {[%emt 00:00:07]}
56. Qg5 {[%clk 00:47:55]} {[%emt 00:00:08]} Kh7 {[%clk 01:14:43]} {[%emt
00:00:09]} 57. Kf4 {[%clk 00:48:22]} {[%emt 00:00:03]} Kh8 {[%clk 01:15:07]}
{[%emt 00:00:06]} 58. Kf5 {[%clk 00:48:44]} {[%emt 00:00:08]} Kh7 {[%clk
01:15:31]} {[%emt 00:00:06]} 59. Kf6 {[%clk 00:49:08]} {[%emt 00:00:07]} Kh8
{[%clk 01:15:54]} {[%emt 00:00:06]} 60. Qg7# {[%clk 00:49:35]} {[%emt
00:00:03]} 1-0

[Event "ODJM C 2023"]
[Site "Willingen GER"]
[Date "2023.06.02"]
[Round "8"]
[White "Engelhaupt, Henry"]
[Black "Gold, Finnja"]
[Result "0-1"]
[Termination "normal"]
[Board "21"]
[WhiteElo "1196"]
[BlackElo "1103"]
[WhiteClock "01:23:47"]
[BlackClock "01:13:34"]
[PlyCount "76"]
[WhiteFideId "34644814"]
[BlackFideId "34660453"]
[EventCountry "GER"]
[EventRounds "9"]
[EventType "swiss"]
[EventDate "2023.05.27"]

1. e4 {[%clk 01:30:58]} {[%emt 00:00:02]} c5 {[%clk 01:30:55]} {[%emt
00:00:05]} 2. Nf3 {[%clk 01:31:22]} {[%emt 00:00:05]} a6 {[%clk 01:31:20]}
{[%emt 00:00:06]} 3. c3 {[%clk 01:31:48]} {[%emt 00:00:04]} d5 {[%clk
01:31:40]} {[%emt 00:00:10]} 4. exd5 {[%clk 01:32:08]} {[%emt 00:00:10]} Qxd5
{[%clk 01:31:57]} {[%emt 00:00:13]} 5. d4 {[%clk 01:32:31]} {[%emt 00:00:07]}
Bg4 {[%clk 01:32:00]} {[%emt 00:00:27]} 6. Be2 {[%clk 01:32:16]} {[%emt
00:00:45]} Nc6 {[%clk 01:32:08]} {[%emt 00:00:22]} 7. c4 {[%clk 01:31:27]}
{[%emt 00:01:19]} Qd6 {[%clk 01:32:06]} {[%emt 00:00:32]} 8. d5 {[%clk
01:31:44]} {[%emt 00:00:13]} Bxf3 {[%clk 01:30:42]} {[%emt 00:01:53]} 9. Bxf3
{[%clk 01:31:46]} {[%emt 00:00:28]} Nd4 {[%clk 01:31:01]} {[%emt 00:00:11]} 10.
Nc3 {[%clk 01:31:22]} {[%emt 00:00:54]} Nf6 {[%clk 01:29:15]} {[%emt 00:02:16]}
11. O-O {[%clk 01:31:40]} {[%emt 00:00:11]} g6 {[%clk 01:27:12]} {[%emt
00:02:33]} 12. Bg5 {[%clk 01:31:00]} {[%emt 00:01:09]} Bg7 {[%clk 01:27:21]}
{[%emt 00:00:22]} 13. Qa4+ {[%clk 01:30:55]} {[%emt 00:00:35]} Qd7 {[%clk
01:24:48]} {[%emt 00:03:04]} 14. Qxd7+ {[%clk 01:28:15]} {[%emt 00:03:10]} Kxd7
{[%clk 01:24:12]} {[%emt 00:01:05]} 15. Ne4 {[%clk 01:26:39]} {[%emt 00:02:05]}
Nxf3+ {[%clk 01:23:07]} {[%emt 00:01:37]} 16. gxf3 {[%clk 01:27:01]} {[%emt
00:00:08]} Rhc8 {[%clk 01:18:55]} {[%emt 00:04:42]} 17. b3 {[%clk 01:26:07]}
{[%emt 00:01:25]} Nxe4 {[%clk 01:19:09]} {[%emt 00:00:16]} 18. fxe4 {[%clk
01:25:14]} {[%emt 00:01:23]} Bxa1 {[%clk 01:19:28]} {[%emt 00:00:11]} 19. Rxa1
{[%clk 01:25:36]} {[%emt 00:00:08]} f6 {[%clk 01:19:15]} {[%emt 00:00:42]} 20.
Be3 {[%clk 01:25:50]} {[%emt 00:00:16]} g5 {[%clk 01:19:03]} {[%emt 00:00:43]}
21. Re1 {[%clk 01:25:11]} {[%emt 00:01:09]} Ke8 {[%clk 01:18:43]} {[%emt
00:00:50]} 22. e5 {[%clk 01:25:29]} {[%emt 00:00:11]} Kf7 {[%clk 01:18:37]}
{[%emt 00:00:36]} 23. e6+ {[%clk 01:25:44]} {[%emt 00:00:15]} Kg6 {[%clk
01:18:22]} {[%emt 00:00:45]} 24. Kh1 {[%clk 01:26:02]} {[%emt 00:00:12]} b5
{[%clk 01:17:09]} {[%emt 00:01:43]} 25. Rg1 {[%clk 01:26:09]} {[%emt 00:00:23]}
Kf5 {[%clk 01:16:54]} {[%emt 00:00:45]} 26. f3 {[%clk 01:26:12]} {[%emt
00:00:26]} h5 {[%clk 01:16:31]} {[%emt 00:00:53]} 27. h4 {[%clk 01:24:17]}
{[%emt 00:02:25]} g4 {[%clk 01:14:14]} {[%emt 00:02:47]} 28. Rf1 {[%clk
01:23:28]} {[%emt 00:01:19]} gxf3 {[%clk 01:14:03]} {[%emt 00:00:40]} 29. Rxf3+
{[%clk 01:23:42]} {[%emt 00:00:16]} Ke4 {[%clk 01:14:13]} {[%emt 00:00:22]} 30.
Rg3 {[%clk 01:23:50]} {[%emt 00:00:20]} bxc4 {[%clk 01:14:02]} {[%emt
00:00:42]} 31. bxc4 {[%clk 01:24:15]} {[%emt 00:00:06]} Rab8 {[%clk 01:13:59]}
{[%emt 00:00:33]} 32. Rg7 {[%clk 01:23:08]} {[%emt 00:01:36]} Kxe3 {[%clk
01:13:57]} {[%emt 00:00:32]} 33. Rxe7 {[%clk 01:23:33]} {[%emt 00:00:06]} Rb1+
{[%clk 01:13:00]} {[%emt 00:01:27]} 34. Kg2 {[%clk 01:23:56]} {[%emt 00:00:06]}
Rb2+ {[%clk 01:12:38]} {[%emt 00:00:52]} 35. Kg3 {[%clk 01:24:18]} {[%emt
00:00:06]} Rg8 {[%clk 01:12:27]} {[%emt 00:00:43]} 36. Kh3 {[%clk 01:23:56]}
{[%emt 00:00:52]} Rbg2 {[%clk 01:12:49]} {[%emt 00:00:08]} 37. Rg7 {[%clk
01:23:26]} {[%emt 00:00:59]} R8xg7 {[%clk 01:13:13]} {[%emt 00:00:07]} 38. e7
{[%clk 01:23:47]} {[%emt 00:00:10]} R7g3 {[%clk 01:13:34]} {[%emt 00:00:09]}
0-1

[Event "ODJM C 2023"]
[Site "Willingen GER"]
[Date "2023.06.02"]
[Round "8"]
[White "Hellmann, Alexander"]
[Black "Weidenhöfer, Ben"]
[Result "0-1"]
[Termination "normal"]
[Board "22"]
[WhiteElo "1156"]
[BlackElo "1180"]
[WhiteClock "01:55:35"]
[BlackClock "00:22:54"]
[PlyCount "106"]
[WhiteFideId "34612050"]
[BlackFideId "16273702"]
[EventCountry "GER"]
[EventRounds "9"]
[EventType "swiss"]
[EventDate "2023.05.27"]

1. e4 {[%clk 01:30:47]} {[%emt 00:00:13]} c6 {[%clk 01:30:35]} {[%emt
00:00:26]} 2. d4 {[%clk 01:31:12]} {[%emt 00:00:05]} d5 {[%clk 01:30:50]}
{[%emt 00:00:15]} 3. f3 {[%clk 01:31:00]} {[%emt 00:00:41]} e6 {[%clk
01:29:45]} {[%emt 00:01:36]} 4. Nc3 {[%clk 01:30:42]} {[%emt 00:00:48]} Bb4
{[%clk 01:24:52]} {[%emt 00:05:22]} 5. Bd2 {[%clk 01:30:14]} {[%emt 00:00:58]}
Bxc3 {[%clk 01:22:55]} {[%emt 00:02:28]} 6. Bxc3 {[%clk 01:30:35]} {[%emt
00:00:09]} dxe4 {[%clk 01:20:51]} {[%emt 00:02:33]} 7. fxe4 {[%clk 01:30:57]}
{[%emt 00:00:09]} Qh4+ {[%clk 01:17:19]} {[%emt 00:04:02]} 8. g3 {[%clk
01:28:10]} {[%emt 00:03:17]} Qxe4+ {[%clk 01:16:12]} {[%emt 00:01:37]} 9. Qe2
{[%clk 01:27:39]} {[%emt 00:01:02]} Nf6 {[%clk 01:02:50]} {[%emt 00:13:52]} 10.
b3 {[%clk 01:27:53]} {[%emt 00:00:16]} O-O {[%clk 01:00:57]} {[%emt 00:02:23]}
11. Bg2 {[%clk 01:27:43]} {[%emt 00:00:40]} Qxe2+ {[%clk 00:58:55]} {[%emt
00:02:32]} 12. Nxe2 {[%clk 01:28:07]} {[%emt 00:00:06]} Nd5 {[%clk 00:58:30]}
{[%emt 00:00:55]} 13. Bd2 {[%clk 01:27:40]} {[%emt 00:00:57]} Nd7 {[%clk
00:55:05]} {[%emt 00:03:55]} 14. O-O {[%clk 01:27:34]} {[%emt 00:00:36]} Re8
{[%clk 00:52:15]} {[%emt 00:03:20]} 15. c4 {[%clk 01:26:46]} {[%emt 00:01:18]}
N5f6 {[%clk 00:50:36]} {[%emt 00:02:09]} 16. Rf2 {[%clk 01:27:00]} {[%emt
00:00:16]} Nb6 {[%clk 00:44:31]} {[%emt 00:06:36]} 17. Raf1 {[%clk 01:26:25]}
{[%emt 00:01:05]} Rf8 {[%clk 00:41:09]} {[%emt 00:03:51]} 18. Bb4 {[%clk
01:26:07]} {[%emt 00:00:49]} Re8 {[%clk 00:37:50]} {[%emt 00:03:49]} 19. Bd2
{[%clk 01:26:20]} {[%emt 00:00:17]} a5 {[%clk 00:35:54]} {[%emt 00:02:27]} 20.
Bg5 {[%clk 01:25:59]} {[%emt 00:00:50]} Nbd7 {[%clk 00:35:51]} {[%emt
00:00:33]} 21. Nf4 {[%clk 01:25:41]} {[%emt 00:00:47]} Ng4 {[%clk 00:35:04]}
{[%emt 00:01:18]} 22. Rf3 {[%clk 01:25:41]} {[%emt 00:00:30]} f6 {[%clk
00:31:48]} {[%emt 00:03:46]} 23. h3 {[%clk 01:26:04]} {[%emt 00:00:07]} fxg5
{[%clk 00:31:52]} {[%emt 00:00:26]} 24. Nh5 {[%clk 01:24:42]} {[%emt 00:01:51]}
Ngf6 {[%clk 00:30:31]} {[%emt 00:01:51]} 25. g4 {[%clk 01:23:06]} {[%emt
00:02:07]} Rf8 {[%clk 00:27:35]} {[%emt 00:03:26]} 26. h4 {[%clk 01:22:33]}
{[%emt 00:01:03]} Nxh5 {[%clk 00:21:33]} {[%emt 00:06:32]} 27. Rxf8+ {[%clk
01:22:38]} {[%emt 00:00:25]} Nxf8 {[%clk 00:21:56]} {[%emt 00:00:07]} 28. gxh5
{[%clk 01:22:57]} {[%emt 00:00:10]} gxh4 {[%clk 00:21:41]} {[%emt 00:00:46]}
29. Be4 {[%clk 01:23:09]} {[%emt 00:00:18]} g6 {[%clk 00:19:50]} {[%emt
00:02:21]} 30. h6 {[%clk 01:23:11]} {[%emt 00:00:28]} Bd7 {[%clk 00:17:28]}
{[%emt 00:02:52]} 31. d5 {[%clk 01:21:48]} {[%emt 00:01:52]} cxd5 {[%clk
00:08:51]} {[%emt 00:09:07]} 32. cxd5 {[%clk 01:22:12]} {[%emt 00:00:06]} Ra6
{[%clk 00:08:25]} {[%emt 00:00:56]} 33. dxe6 {[%clk 01:22:15]} {[%emt
00:00:27]} Bxe6 {[%clk 00:06:54]} {[%emt 00:02:01]} 34. Rf6 {[%clk 01:22:16]}
{[%emt 00:00:29]} Nd7 {[%clk 00:06:22]} {[%emt 00:01:02]} 35. Rf4 {[%clk
01:22:27]} {[%emt 00:00:19]} g5 {[%clk 00:04:02]} {[%emt 00:02:50]} 36. Rf2
{[%clk 01:22:43]} {[%emt 00:00:14]} Bf7 {[%clk 00:02:18]} {[%emt 00:02:13]} 37.
Bxb7 {[%clk 01:23:07]} {[%emt 00:00:07]} Rxh6 {[%clk 00:02:38]} {[%emt
00:00:10]} 38. Rd2 {[%clk 01:23:27]} {[%emt 00:00:10]} Nf8 {[%clk 00:02:40]}
{[%emt 00:00:29]} 39. Rg2 {[%clk 01:23:40]} {[%emt 00:00:17]} Rg6 {[%clk
00:00:54]} {[%emt 00:02:16]} 40. Be4 {[%clk 01:24:09]} {[%emt 00:00:01]} Rg7
{[%clk 00:01:03]} {[%emt 00:00:21]} 41. Rc2 {[%clk 01:23:49]} {[%emt 00:00:50]}
Bg6 {[%clk 00:01:10]} {[%emt 00:00:22]} 42. Bd5+ {[%clk 01:24:06]} {[%emt
00:00:13]} Bf7 {[%clk 00:01:07]} {[%emt 00:00:33]} 43. Be4 {[%clk 01:24:17]}
{[%emt 00:00:18]} g4 {[%clk 00:00:44]} {[%emt 00:00:53]} 44. Rc5 {[%clk
01:24:35]} {[%emt 00:00:13]} g3 {[%clk 00:27:55]} {[%emt 00:03:18]} 45. Kg2
{[%clk 01:54:55]} {[%emt 00:00:11]} Rg4 {[%clk 00:27:15]} {[%emt 00:01:10]} 46.
Bf3 {[%clk 01:54:55]} {[%emt 00:00:31]} Rg6 {[%clk 00:25:50]} {[%emt 00:01:54]}
47. Bh5 {[%clk 01:55:11]} {[%emt 00:00:14]} Rh6 {[%clk 00:24:21]} {[%emt
00:02:00]} 48. Rg5+ {[%clk 01:55:33]} {[%emt 00:00:09]} Bg6 {[%clk 00:23:43]}
{[%emt 00:01:07]} 49. Bf3 {[%clk 01:55:55]} {[%emt 00:00:07]} Kg7 {[%clk
00:23:20]} {[%emt 00:00:53]} 50. Rxa5 {[%clk 01:55:19]} {[%emt 00:01:07]} Ne6
{[%clk 00:23:13]} {[%emt 00:00:37]} 51. Re5 {[%clk 01:55:24]} {[%emt 00:00:26]}
Nf4+ {[%clk 00:23:15]} {[%emt 00:00:29]} 52. Kg1 {[%clk 01:55:45]} {[%emt
00:00:09]} h3 {[%clk 00:22:39]} {[%emt 00:01:05]} 53. Re7+ {[%clk 01:55:35]}
{[%emt 00:00:40]} Kf6 {[%clk 00:22:54]} {[%emt 00:00:15]} 0-1